| 000 | 01783nam1a2200349 i 4500 | ||
|---|---|---|---|
| 001 | RU\NLR\bibl\322264 | ||
| 005 | 20241114190305.0 | ||
| 035 | _a(NLR Aleph) 000317294 | ||
| 090 |
_a74963 _c74963 |
||
| 100 | _a20021019g20029999u y0rusy50 ca | ||
| 101 | 0 | _arus | |
| 102 | _aRU | ||
| 105 | _a||||z ||||| | ||
| 200 | 1 |
_aЭлементы теории распределений и задачи математической физики _eУчеб. пособие _fЕ.И. Галахов, Р.Я. Глаголева, Л.Е. Россовский, Г.С. Чакветадзе _gПод ред. А.Л. Скубачевского _gМ-во образования Рос. Федерации, Моск. гос. авиац. ин-т (техн. ун-т) |
|
| 210 |
_aМ. _cМАКС Пресс _d2002 |
||
| 215 | _d21 | ||
| 313 | _aтеория обобщенных функций | ||
| 463 | 0 | _1001317331 | |
| 606 |
_aОбобщенные функции _jУчебные издания для высшей школы _92219228 _3RU\NLR\auth\661332682 |
||
| 606 |
_aФункции обобщенные _jРуководства, пособия и т.п. для высшей школы _92219232 _3RU\NLR\auth\661332683 |
||
| 686 | _aВ162.12я73-1 | ||
| 701 | 1 |
_aГалахов _bЕ. И. _gЕвгений Игоревич _4070 |
|
| 701 | 1 |
_aГлаголева _bР. Я. _gРегина Яковлевна _4070 |
|
| 701 | 1 |
_aРоссовский _bЛ. Е. _gЛеонид Ефимович _4070 |
|
| 701 | 1 |
_aЧакветадзе _bГ. С. _gГеоргий Семенович _4070 |
|
| 702 | 1 |
_aСкубачевский _bА. Л. _4340 |
|
| 801 | 0 |
_aRU _bNLR _c20021019 _gPSBO |
|
| 801 | 1 |
_aRU _bNLR _c20021019 |
|
| 830 | _aавт. по кн. | ||
| 852 |
_aNLR _j2002-4/11735 |
||
| 942 | _cBOOK | ||